[Event "AUTO-INT-2779"]
[Site "http://www.queenalice.com/game.php?id=1296683"]
[Date "2014.7.23"]
[Round "2"]
[White "dutra77"]
[Black "toomchess"]
[Result "1-0"]
[WhiteElo "1922"]
[BlackElo "2090"]

1. c4 Nf6 2. Nc3 g6 3. g3 Bg7 4. Bg2 d6 5. Nf3 O-O 6. d4 c6 7. O-O Nbd7 8. Bg5
Qa5 9. Qd2 e5 10. Rad1 Ne8 11. Be7 f5 12. Bxf8 Nxf8 13. dxe5 dxe5 14. a3 e4 15.
Nxe4 fxe4 16. Qxa5 exf3 17. Bxf3 b6 18. Qb4 Bb7 19. Qe7 Rb8 20. Rd8 Rxd8 21.
Qxb7 Bxb2 22. Qxa7 b5 23. cxb5 cxb5 24. Rb1 Bd4 25. Qe7 Bf6 26. Qb7 Nd6 27. Qd5+
Kg7 28. e4 Nc4 29. Qb7+ Rd7 30. Qxb5 Nd2 31. Bg4 Re7 32. Re1 h5 33. e5 Bg5 34.
Bd1 Ne6 35. f4 Bh6 36. Qb4 Rd7 37. Qb5 Rd8 38. Qb7+ Kf8 39. Qh7 Bg7 40. Qxg6 Ke7
41. Bxh5 Rf8 42. f5 1-0

[Event "AUTO-INT-2779"]
[Site "http://www.queenalice.com/game.php?id=1296684"]
[Date "2014.7.23"]
[Round "2"]
[White "toomchess"]
[Black "dutra77"]
[Result "0-1"]
[WhiteElo "2175"]
[BlackElo "1840"]

1. e4 c5 2. Nf3 e6 3. d4 cxd4 4. Nxd4 a6 5. c4 Nf6 6. Nc3 Qc7 7. Bd3 Nc6 8. Bc2
Na5 9. b3 b5 10. Ndxb5 axb5 11. Nxb5 Qb8 12. Qf3 Bb4+ 13. Bd2 Bxd2+ 14. Kxd2 Bb7
15. Rae1 O-O 16. g4 Nc6 17. g5 Ne8 18. h4 Qe5 19. a4 Nd6 20. Qe3 Rxa4 21. f4 Qb2
22. Nxd6 Ra2 23. Qc3 Qa3 24. Nxb7 Qa7 25. Nd6 Qf2+ 26. Kc1 Nd4 27. Bd3 Nxb3+ 28.
Qxb3 Qd2+ 29. Kb1 Rfa8 30. Qc3 Qxc3 0-1

[Event "Challenge"]
[Site "http://www.queenalice.com/game.php?id=1299117"]
[Date "2014.8.3"]
[Round "-"]
[White "dutra77"]
[Black "Vladimir"]
[Result "0-1"]
[WhiteElo "1789"]
[BlackElo "1836"]

1. c4 e5 2. Nc3 f5 3. e4 f4 4. d4 exd4 5. Nce2 c5 6. Nxf4 Nf6 7. Bd3 d6 8. h3 g6
9. Nf3 h5 10. Nxg6 Rg8 11. Nfh4 Nc6 12. f4 Bh6 13. O-O Bxh3 14. gxh3 Qd7 0-1

[Event "AUTO-ADV-3227"]
[Site "http://www.queenalice.com/game.php?id=1304721"]
[Date "2014.8.28"]
[Round "1"]
[White "maurice91"]
[Black "dutra77"]
[Result "1-0"]
[WhiteElo "1924"]
[BlackElo "1788"]

1. d4 Nf6 2. c4 b6 3. Nc3 Bb7 4. Bg5 e6 5. e4 h6 6. Bh4 g5 7. Bg3 Nxe4 8. Nxe4
Bxe4 9. f3 Bb7 10. Bd3 Bb4+ 11. Ke2 Nc6 12. Bc2 Qf6 13. Bf2 Ba6 14. b3 Bc3 15.
Rb1 d5 16. Qd3 Bxd4 17. a3 Qe5+ 18. Kf1 dxc4 19. bxc4 O-O-O 20. Qb3 Bxf2 21.
Kxf2 1-0

[Event "AUTO-ADV-3227"]
[Site "http://www.queenalice.com/game.php?id=1304722"]
[Date "2014.8.28"]
[Round "1"]
[White "dutra77"]
[Black "maurice91"]
[Result "0-1"]
[WhiteElo "1800"]
[BlackElo "1912"]

1. Nf3 Nf6 2. c4 c5 3. e3 Nc6 4. d4 cxd4 5. exd4 d5 6. Nc3 dxc4 7. Bxc4 e6 8.
O-O Be7 9. d5 exd5 10. Nxd5 Nxd5 11. Bxd5 O-O 12. Be3 Bf6 13. Re1 Bxb2 14. Rb1
Bc3 15. Re2 Ba5 16. Bc5 Re8 17. Rxe8+ Qxe8 18. Ng5 Be6 19. Qc2 g6 20. Bxe6 fxe6
0-1

[Event "AUTO-ADV-3227"]
[Site "http://www.queenalice.com/game.php?id=1304735"]
[Date "2014.8.28"]
[Round "1"]
[White "dutra77"]
[Black "forever"]
[Result "1-0"]
[WhiteElo "1777"]
[BlackElo "1943"]

1. Nf3 Nf6 2. c4 c5 3. e3 Nc6 4. d4 cxd4 5. exd4 e6 6. Nc3 d6 7. Bd3 d5 8. c5
Be7 9. a3 O-O 10. O-O Nxd4 11. Nxd4 e5 12. Nb3 Be6 13. f4 e4 14. Be2 Nd7 15. f5
Nxc5 16. fxe6 Nxe6 17. Nxd5 Bd6 18. Nf4 Qb6+ 19. Kh1 Nc7 20. Nd5 Qc6 21. Nxc7
Qxc7 22. h3 f5 23. Nd4 Qc8 24. Nxf5 1-0

[Event "AUTO-ADV-3227"]
[Site "http://www.queenalice.com/game.php?id=1304736"]
[Date "2014.8.28"]
[Round "1"]
[White "forever"]
[Black "dutra77"]
[Result "0-1"]
[WhiteElo "1920"]
[BlackElo "1800"]

1. d4 Nf6 2. c4 b6 3. Nf3 Bb7 4. e3 e6 5. Bd2 Be7 6. Nc3 O-O 7. Bd3 c5 8. Ng5 h6
9. Nge4 Nc6 10. Nxf6+ Bxf6 11. dxc5 Ne5 12. Bc2 Bxg2 13. Rg1 Nf3+ 14. Ke2 Nxg1+
15. Qxg1 Bc6 16. e4 bxc5 17. Qg2 Rb8 18. b3 d5 19. Rg1 dxc4 20. Bxh6 Qd4 21. Nd1
Rfd8 22. Be3 Qa1 23. f4 Qxa2 24. Kf3 cxb3 25. Nf2 Qxc2 26. Rc1 Qa2 0-1

[Event "AUTO-ADV-3227"]
[Site "http://www.queenalice.com/game.php?id=1304737"]
[Date "2014.8.28"]
[Round "1"]
[White "dutra77"]
[Black "jck2"]
[Result "1-0"]
[WhiteElo "1821"]
[BlackElo "1886"]

1. Nf3 d5 2. c4 dxc4 3. e3 b5 4. b3 Ba6 5. bxc4 bxc4 6. Na3 Qd5 7. Qa4+ Qc6 8.
Qxc6+ Nxc6 9. Nxc4 Bxc4 10. Bxc4 e6 11. Bb5 Kd7 12. Ne5+ Kc8 13. Bxc6 Rb8 14.
Nxf7 Rb6 15. Ba4 g6 16. Bc2 Bg7 17. Rb1 Ra6 18. Nxh8 Bxh8 19. Bb3 Nf6 20. Bb2
Rd6 21. g4 Rd8 22. Bxe6+ Kb8 23. Bxf6+ 1-0

[Event "AUTO-ADV-3227"]
[Site "http://www.queenalice.com/game.php?id=1304738"]
[Date "2014.8.28"]
[Round "1"]
[White "jck2"]
[Black "dutra77"]
[Result "0-1"]
[WhiteElo "1867"]
[BlackElo "1869"]

1. b4 e5 2. Bb2 d5 3. Bxe5 Nc6 4. Nf3 Nxe5 5. Nxe5 Qf6 6. d4 Bxb4+ 7. c3 Bd6 8.
e3 Bxe5 9. dxe5 Qxe5 10. Bb5+ c6 11. Bd3 Nf6 12. h3 O-O 13. O-O Re8 14. Qc2 Qg5
15. f4 Qg3 16. Rf3 Qh4 17. Nd2 c5 18. Bb5 Re7 19. Bd3 c4 20. Be2 Bd7 21. Nf1 Ne4
22. Nh2 Rae8 23. Rff1 Nxc3 24. Qxc3 Rxe3 25. Qe1 Qxe1 26. Rfxe1 Rxe2 27. Rxe2
Rxe2 28. Nf3 f6 29. Kf1 Re4 30. Rd1 Bc6 0-1

[Event "AUTO-ADV-3326"]
[Site "http://www.queenalice.com/game.php?id=1332019"]
[Date "2015.1.1"]
[Round "1"]
[White "dutra77"]
[Black "Edmorf"]
[Result "1-0"]
[WhiteElo "1855"]
[BlackElo "1583"]

1. b3 e5 2. Bb2 Nc6 3. e3 Nf6 4. Nf3 Bc5 5. Nxe5 O-O 6. d4 Bb4+ 7. c3 Bd6 8. Nf3
Re8 9. Bd3 b6 10. Nbd2 a6 11. O-O Bb7 12. e4 Bf4 13. e5 Ng4 14. g3 d6 15. gxf4
dxe5 16. Bxh7+ Kxh7 17. Ng5+ Kg8 18. Qxg4 Qf6 19. dxe5 Nxe5 20. fxe5 Qg6 21. c4
Bc8 22. Qg3 Bb7 23. Ndf3 Bxf3 24. Nxf3 Qh6 25. Qg5 Qxg5+ 26. Nxg5 Rad8 27. Rad1
Rxd1 28. Rxd1 f6 29. exf6 1-0

[Event "AUTO-ADV-3326"]
[Site "http://www.queenalice.com/game.php?id=1332020"]
[Date "2015.1.1"]
[Round "1"]
[White "Edmorf"]
[Black "dutra77"]
[Result "1-0"]
[WhiteElo "1902"]
[BlackElo "1871"]

1. d4 g6 2. e4 Bg7 3. Bd3 Bxd4 4. c3 Bg7 5. Nf3 d6 6. Bg5 Nd7 7. O-O Ngf6 8. Re1
O-O 9. Qd2 Nc5 10. Bc4 Ncxe4 11. Qd3 Nxg5 12. Nxg5 Bf5 13. Qf3 d5 14. Bb3 h6 15.
Nh3 c6 16. Nd2 Re8 17. c4 e6 18. cxd5 1-0

[Event "AUTO-ADV-3326"]
[Site "http://www.queenalice.com/game.php?id=1332021"]
[Date "2015.1.1"]
[Round "1"]
[White "dutra77"]
[Black "SAMOEL"]
[Result "1-0"]
[WhiteElo "1856"]
[BlackElo "1826"]

1. b3 d5 2. Bb2 Nc6 3. Nf3 d4 4. e3 e5 5. Bb5 Bg4 6. h3 Bh5 7. exd4 a6 8. Bxc6+
bxc6 9. dxe5 Qe7 10. O-O Nh6 11. Re1 Nf5 12. g4 Bg6 13. gxf5 Bh5 14. Qe2 Qc5 15.
e6 Be7 16. exf7+ Bxf7 17. Qxe7+ Qxe7 18. Rxe7+ Kxe7 19. Bxg7 Rhg8 20. f6+ Kd7
21. Ne5+ Ke6 22. Nxc6 a5 23. Nc3 Kf5 24. Ne7+ Kf4 25. Re1 Rge8 26. Bh6+ Kf3 27.
Re3# 1-0

[Event "AUTO-ADV-3326"]
[Site "http://www.queenalice.com/game.php?id=1332022"]
[Date "2015.1.1"]
[Round "1"]
[White "SAMOEL"]
[Black "dutra77"]
[Result "1-0"]
[WhiteElo "1870"]
[BlackElo "1871"]

1. e4 g6 2. d4 Bg7 3. Nf3 d6 4. Bc4 Nf6 5. Nc3 O-O 6. O-O Nxe4 7. Nxe4 d5 8.
Bxd5 Qxd5 9. Nc3 Qc4 10. Be3 Bg4 11. h3 Bxf3 12. Qxf3 Rd8 13. Qxb7 Nc6 14. Qxc7
Rac8 15. Qf4 Nxd4 16. Bxd4 Bxd4 17. Rad1 e5 18. Qf3 Bxc3 19. bxc3 Rxd1 20. Rxd1
Qxa2 21. Qd3 Qc4 22. Qe3 Rc5 23. Qh6 Rd5 24. Rb1 Rb5 25. Rd1 Rd5 26. Rb1 Qc7 27.
c4 Rd4 28. c5 Rc4 29. h4 Rxc2 30. Rd1 Rxc5 31. h5 1-0

[Event "AUTO-ADV-3326"]
[Site "http://www.queenalice.com/game.php?id=1332023"]
[Date "2015.1.1"]
[Round "1"]
[White "dutra77"]
[Black "rubenov"]
[Result "0-1"]
[WhiteElo "1881"]
[BlackElo "2028"]

1. b3 e5 2. Bb2 d6 3. e3 Nf6 4. Be2 Nc6 5. Nf3 Be7 6. O-O O-O 7. d4 e4 8. Nfd2
d5 9. c4 Be6 10. a3 a6 11. cxd5 Bxd5 12. Qc2 Bd6 13. Nc3 Be7 14. Ndxe4 Nxe4 15.
Nxe4 f5 16. Nc3 Be6 17. d5 Bxd5 18. Nxd5 Bd6 19. Rad1 Qh4 20. g3 Qe4 21. Bd3 Qe6
0-1

[Event "AUTO-ADV-3326"]
[Site "http://www.queenalice.com/game.php?id=1332024"]
[Date "2015.1.1"]
[Round "1"]
[White "rubenov"]
[Black "dutra77"]
[Result "0-1"]
[WhiteElo "2059"]
[BlackElo "1900"]

1. d4 g6 2. e4 Bg7 3. c3 d6 4. Bb5+ Nd7 5. Nf3 Nf6 6. e5 dxe5 7. dxe5 Ne4 8. Bf4
c6 9. Bd3 Ndc5 10. Bc2 Qxd1+ 11. Bxd1 Nd3+ 0-1

[Event "AUTO-ADV-3227"]
[Site "http://www.queenalice.com/game.php?id=1334232"]
[Date "2015.1.11"]
[Round "2"]
[White "Capixaba789"]
[Black "dutra77"]
[Result "1-0"]
[WhiteElo "1912"]
[BlackElo "1912"]

1. e4 g6 2. Nf3 Bg7 3. d3 d6 4. Nc3 c5 5. Be2 Nc6 6. Bd2 Nf6 7. Qc1 O-O 8. a3
Nd4 9. Nxd4 cxd4 10. Nd5 Nxd5 11. exd5 Qb6 12. O-O Bf5 13. Rb1 Qa6 14. Bh6 Bxh6
15. Qxh6 Rac8 16. Qc1 Rc5 17. c4 1-0

[Event "AUTO-ADV-3227"]
[Site "http://www.queenalice.com/game.php?id=1334233"]
[Date "2015.1.11"]
[Round "2"]
[White "dutra77"]
[Black "Capixaba789"]
[Result "0-1"]
[WhiteElo "1896"]
[BlackElo "1928"]

1. b3 e5 2. Bb2 d6 3. e4 Nf6 4. Nc3 Nc6 5. Nf3 Bg4 6. h3 Bh5 7. Bb5 Qd7 8. Qe2
a6 9. Bxc6 Qxc6 10. O-O-O b5 11. d4 Be7 12. g4 Bg6 13. dxe5 dxe5 14. Nxe5 Qb7
15. f4 Bxe4 16. Rhe1 Bxc2 17. Nxf7 Bxd1 0-1

[Event "AUTO-ADV-3227"]
[Site "http://www.queenalice.com/game.php?id=1334236"]
[Date "2015.1.11"]
[Round "2"]
[White "Betim_Xadrez"]
[Black "dutra77"]
[Result "0-1"]
[WhiteElo "1764"]
[BlackElo "1871"]

1. e4 g6 2. d4 Bg7 3. Nf3 d6 4. c4 Bg4 5. Be2 Nc6 6. Nc3 Bxf3 7. Bxf3 Nxd4 8.
O-O Nxf3+ 9. Qxf3 c6 10. Be3 Qc7 11. Rac1 Nf6 12. Bg5 O-O 13. Qe3 Ng4 14. Qg3
Ne5 15. Ne2 f6 16. Be3 Qd7 17. f4 Ng4 18. Bd2 f5 19. exf5 Qxf5 20. Nd4 Bxd4+ 21.
Kh1 Nf6 22. Qb3 Ne4 23. Be1 b6 24. a4 g5 25. c5+ Qd5 26. Qxd5+ cxd5 27. cxd6
exd6 28. b4 Rac8 29. Rxc8 Rxc8 30. fxg5 Rc1 31. h3 Ng3+ 32. Bxg3 Rxf1+ 33. Kh2
Bg1+ 34. Kh1 Be3+ 35. Kh2 Bg1+ 36. Kh1 Bc5+ 37. Kh2 Bxb4 38. h4 d4 39. Kh3 d3
40. Kg4 d2 41. Kh5 d1=Q+ 0-1

[Event "AUTO-ADV-3227"]
[Site "http://www.queenalice.com/game.php?id=1334237"]
[Date "2015.1.11"]
[Round "2"]
[White "dutra77"]
[Black "Betim_Xadrez"]
[Result "1-0"]
[WhiteElo "1860"]
[BlackElo "1741"]

1. b3 d5 2. Bb2 c5 3. e3 Nc6 4. Nf3 Nf6 5. h3 e5 6. Nxe5 Nxe5 7. Bxe5 Be7 8. Qf3
O-O 9. Bd3 b6 10. Nc3 Bb7 11. O-O Rb8 12. Bxb8 Qxb8 13. Qe2 Qc8 14. e4 Qc6 15.
exd5 Nxd5 16. Nxd5 Qxd5 17. f3 Bh4 18. c3 Rd8 19. Be4 Qxd2 20. Qxd2 Rxd2 21.
Bxb7 h6 22. Rfd1 Bf2+ 23. Kh1 Rxd1+ 24. Rxd1 f6 25. Rd8+ Kh7 26. Be4+ g6 27.
Rd7+ Kg8 28. Rxa7 f5 29. Bd5+ Kf8 30. Rb7 g5 31. Rf7+ Ke8 32. Rxf5 Ke7 33. f4
gxf4 34. Rxf4 Kd6 35. Rxf2 Kxd5 36. g4 1-0

[Event "AUTO-ADV-3227"]
[Site "http://www.queenalice.com/game.php?id=1334238"]
[Date "2015.1.11"]
[Round "2"]
[White "maurice91"]
[Black "dutra77"]
[Result "1-0"]
[WhiteElo "1927"]
[BlackElo "1928"]

1. d4 g6 2. Nf3 Bg7 3. e4 d6 4. Be3 Nf6 5. Bd3 Ng4 6. Bf4 e5 7. dxe5 Nxe5 8.
Nxe5 dxe5 9. Bg3 Be6 10. Nc3 O-O 11. O-O h5 12. h3 Nc6 13. a3 Rc8 14. Ne2 h4 15.
Bh2 1-0

[Event "AUTO-ADV-3227"]
[Site "http://www.queenalice.com/game.php?id=1334239"]
[Date "2015.1.11"]
[Round "2"]
[White "dutra77"]
[Black "maurice91"]
[Result "0-1"]
[WhiteElo "1945"]
[BlackElo "1910"]

1. b3 Nf6 2. Bb2 d5 3. e3 c5 4. Nf3 Bg4 5. h3 Bh5 6. Be2 Nc6 7. O-O e6 8. c4 Be7
9. cxd5 exd5 10. d4 O-O 11. Nc3 a6 12. dxc5 Bxc5 13. Rc1 Ba7 14. Na4 Qe7 0-1